| 000 | 00903nam a22002417a 4500 | ||
|---|---|---|---|
| 942 | _cBK | ||
| 999 |
_c631 _d631 |
||
| 005 | 20250420134819.0 | ||
| 008 | 200816b ||||| |||| 00| 0 eng d | ||
| 020 | _a9781316646731 | ||
| 040 | _cKCST | ||
| 082 |
_a428.24 _bMu Ba |
||
| 100 |
_aMurphy, Raymond _94737 |
||
| 245 |
_aBasic grammar in use : _bself-study reference and practice for students of American English. With answers and ebook / _cRaymond Murphy; William R Smalzer; Joseph Chapple |
||
| 250 | _a4th edition | ||
| 260 |
_aCambridge : _bCambridge University Press, _c2017. |
||
| 300 | _a306 p. | ||
| 650 |
_aEnglish language _vTextbooks for foreign speakers. _94734 |
||
| 650 |
_aEnglish language _vGrammar _vProblems, exercises, etc. _95132 |
||
| 650 |
_aEnglish language _vUnited States _vProblems, exercises, etc. _95133 |
||
| 700 |
_aSmalzer, William R _94931 |
||
| 700 |
_aChapple, Joseph _95134 |
||
| 942 | _2ddc | ||